[Event "Barcelona Sant Marti op-A 25th"]
[Site "Barcelona"]
[Date "2025.07.14"]
[Round "2"]
[White "Cabiativa, Juan Esteban"]
[Black "Pruthu, Deshpande"]
[Result "0-1"]
[WhiteElo "2200"]
[BlackElo "2001"]
[PlyCount "60"]
[EventDate "2025.07.13"]
[EventType "swiss"]
[EventRounds "9"]
[EventCountry "ESP"]
[SourceTitle "CB30_2025"]
[SourceDate "2025.07.23"]
[SourceVersion "1"]
[SourceVersionDate "2025.07.23"]
[SourceQuality "1"]

1. e4 c5 2. Nf3 d6 3. d4 cxd4 4. Nxd4 Nf6 5. Nc3 Nc6 6. Bg5 e6 7. Qd3 a6 8. Nxc6 bxc6 9. 0-0-0 d5 10. Qg3 h6 11. Be3 Qa5 12. Kb1 Bb7 13. Bd2 Qd8 14. Be1 Qb8 15. Qd3 Be7 16. f3 0-0 17. exd5 cxd5 18. g4 d4 19. Ne2 Nxg4 20. Rg1 Ne5 21. Qb3 Nxf3 22. Bg3 e5 23. Nxd4 Nxg1 24. Bc4 Bf3 25. Qe3 Bxd1 26. Qxg1 Bc5 27. c3 Qe8 28. Bh4 exd4 29. Bf6 Qe4+ 30. Ka1 Qg4 0-1

[Event "Mumbai Mayors Cup 8th"]
[Site "Mumbai"]
[Date "2015.06.02"]
[Round "1"]
[White "Pruthu, Deshpande"]
[Black "Debashis, Das"]
[Result "0-1"]
[WhiteElo "2084"]
[BlackElo "2508"]
[PlyCount "88"]
[EventDate "2015.06.02"]
[EventType "swiss"]
[EventRounds "10"]
[EventCountry "IND"]
[SourceTitle "CBM 166 Extra"]
[Source "ChessBase"]
[SourceDate "2015.06.18"]
[SourceVersion "1"]
[SourceVersionDate "2015.06.18"]
[SourceQuality "1"]

1. d4 Nf6 2. Bg5 d5 3. Bxf6 gxf6 4. c4 e5 5. e3 dxc4 6. Bxc4 exd4 7. exd4 Nc6 8. Ne2 f5 9. Nbc3 Bd6 10. Qd2 Qf6 11. Qe3+ Kd8 12. 0-0-0 a6 13. Nd5 Qg7 14. Rhe1 Bd7 15. Qh3 Kc8 16. Bd3 Qg5+ 17. f4 Qg4 18. Qxg4 fxg4 19. Nf6 h5 20. Nxd7 Kxd7 21. Bf5+ Kd8 22. g3 Ne7 23. Be4 c6 24. h4 Kd7 25. Nc3 Rh6 26. Bc2 Rf8 27. Ne4 Nd5 28. Bb3 Re8 29. Bxd5 cxd5 30. Nc3 Rhe6 31. Rxe6 Rxe6 32. Kd2 Bb4 33. Rb1 Bxc3+ 34. bxc3 b5 35. Re1 Re4 36. Rxe4 dxe4 37. f5 Kd6 38. Ke3 Kd5 39. Kf4 b4 40. c4+ Kxd4 41. c5 e3 42. c6 e2 43. c7 e1Q 44. c8Q Qe3# 0-1